000 00728nam a2200205 u 4500
005 20240924065432.0
008 130417s2004 r 000 0 eng d
020 _a9706921508
035 _aUPN01000190702
049 _aCG
050 4 _aLB2325
_bA2.2
245 0 0 _aAcciones de transformación del siglo XXI :
_beducación superior en el Centro Occidente de México : 2000-2003 /
_cCarlos Salazar Silva ... [ et al.].
260 _aMéxico :
_bANUIES :
_bUniversidad de Colima,
_c2004.
300 _a78 p. :
_bfigs., gráficas
440 0 _aBiblioteca Regional de la Educación Superior
650 4 _aEducación superior
_zMéxico
_94968
700 1 _aSalazar Silva, Carlos,
_ecoaut.
905 _aLibro
999 _c162805
_d162805